| 000 -CABECERA |
| campo de control de longitud fija |
00823nam a2200229 u 4500 |
| 001 - NÚMERO DE CONTROL |
| campo de control |
000054506 |
| 005 - FECHA Y HORA DE LA ÚLTIMA TRANSACCIÓN |
| campo de control |
20200120222849.0 |
| 008 - DATOS DE LONGITUD FIJA--INFORMACIÓN GENERAL |
| campo de control de longitud fija |
130527s2005 ck a gr 000 0 spa d |
| 020 ## - NÚMERO INTERNACIONAL ESTÁNDAR DEL LIBRO |
| Número Internacional Estándar del Libro |
9583377368 |
| 041 0# - CÓDIGO DE LENGUA |
| Código de lengua del texto/banda sonora o título independiente |
-spa |
| 082 04 - NÚMERO DE LA CLASIFICACIÓN DECIMAL DEWEY |
| Número de clasificación |
361.25 |
| Número de documento/Ítem |
C43 |
| Número de edición |
21 |
| 245 00 - MENCIÓN DE TÍTULO |
| Título |
Cifras e indicadores del desplazamiento forzado y derechos humanos en Colombia / |
| Mención de responsabilidad, etc. |
editora Olga Cecilia Díaz. |
| 250 ## - MENCIÓN DE EDICIÓN |
| Mención de edición |
1a. ed. |
| 260 ## - PUBLICACIÓN, DISTRIBUCIÓN, ETC. |
| Lugar de publicación, distribución, etc. |
Bogotá : |
| Nombre del editor, distribuidor, etc. |
Consultoría para los Derechos Humanos y el Desplazamiento, |
| Fecha de publicación, distribución, etc. |
2005. |
| 300 ## - DESCRIPCIÓN FÍSICA |
| Extensión |
107 p. : |
| Otras características físicas |
il. |
| 490 0# - MENCIÓN DE SERIE |
| Mención de serie |
Documentos Codhes |
| Designación de volumen o secuencia |
3 |
| 500 ## - NOTA GENERAL |
| Nota general |
Ej.1 de Biblioteca Mosquera corresponde a la colección de la Casa de la Cultura |
| 650 14 - PUNTO DE ACCESO ADICIONAL DE MATERIA--TÉRMINO DE MATERIA |
| Término de materia o nombre geográfico como elemento de entrada |
Desplazamiento forzado |
| Subdivisión geográfica |
Colombia |
| 650 24 - PUNTO DE ACCESO ADICIONAL DE MATERIA--TÉRMINO DE MATERIA |
| Término de materia o nombre geográfico como elemento de entrada |
Desplazados por la violencia |
| Subdivisión geográfica |
Colombia |
| 650 24 - PUNTO DE ACCESO ADICIONAL DE MATERIA--TÉRMINO DE MATERIA |
| Término de materia o nombre geográfico como elemento de entrada |
Derechos humanos |
| 700 1# - PUNTO DE ACCESO ADICIONAL--NOMBRE DE PERSONA |
| Nombre de persona |
Díaz, Olga Cecilia |
| Término indicativo de función/relación |
ed. |